تاريخ أبى يعلى حمزة ابن القلانسى المعروف بذيل تاريخ دمشق المعروف بذيل تاريخ دمشق / (Record no. 177290)

MARC details
000 -LEADER
fixed length control field 01822namaa22003851i 4500
003 - CONTROL NUMBER IDENTIFIER
control field EG-GICUC
005 - DATE AND TIME OF LATEST TRANSACTION
control field 20260101150109.0
008 - FIXED-LENGTH DATA ELEMENTS--GENERAL INFORMATION
fixed length control field 260101s19uu ua ||||jr|||| 000 0 ara d
040 ## - CATALOGING SOURCE
Original cataloging agency EG-GiCUC
Language of cataloging ara
Transcribing agency EG-GiCUC
Modifying agency EG-GiCUC
Description conventions rda
043 ## - GEOGRAPHIC AREA CODE
Geographic area code a-sy---
-- a-is---
082 04 - DEWEY DECIMAL CLASSIFICATION NUMBER
Edition number 21
Classification number 956.91
Item number Q11t
092 04 - LOCALLY ASSIGNED DEWEY CALL NUMBER (OCLC)
Edition number 21
Classification number 956.91
Item number Q11t
099 ## - LOCAL FREE-TEXT CALL NUMBER (OCLC)
Classification number 956.91 Q11t
100 1# - MAIN ENTRY--PERSONAL NAME
Personal name ابن القلانسى، ابو يعلى حمزة ابن اسد،
Dates associated with a name -1160
Relator term مؤلف.
245 1# - TITLE STATEMENT
Title تاريخ أبى يعلى حمزة ابن القلانسى المعروف بذيل تاريخ دمشق المعروف بذيل تاريخ دمشق /
Statement of responsibility, etc. تتلوه نخب من تواريخ ابن الأزرق الفارقى وسيط ابن الجوزى والحافظ الذهبى
246 1# - VARYING FORM OF TITLE
Title proper/short title History of Damascus, 363-555 A.H.
246 1# - VARYING FORM OF TITLE
Title proper/short title تاريخ دمشق
246 1# - VARYING FORM OF TITLE
Title proper/short title ذيل تاريخ دمشق
264 ## - PRODUCTION, PUBLICATION, DISTRIBUTION, MANUFACTURE, AND COPYRIGHT NOTICE
Place of production, publication, distribution, manufacture القاهرة (مصر) :
Name of producer, publisher, distributor, manufacturer مكتبة المتنبى،
Date of production, publication, distribution, manufacture, or copyright notice [19--]
300 ## - PHYSICAL DESCRIPTION
Extent ؛ 395،48 صفحة
Dimensions 24 سم
336 ## - CONTENT TYPE
Source rdacontent
Content type term text
337 ## - MEDIA TYPE
Source rdamedia
Media type term Unmediated
338 ## - CARRIER TYPE
Source rdacarrier
Carrier type term volume
504 ## - BIBLIOGRAPHY, ETC. NOTE
Bibliography, etc. note يشتمل على ارجاعات ببليوجرافية
541 ## - IMMEDIATE SOURCE OF ACQUISITION NOTE
Source of acquisition د. جابر عصفور ؛
Address القاهرة ؛
Method of acquisition إهداء ؛
Date of acquisition 2024.
600 ## - SUBJECT ADDED ENTRY--PERSONAL NAME
Personal name ابن القلانسى، ابو يعلى حمزة ابن اسد،
Dates associated with a name -1160
650 17 - SUBJECT ADDED ENTRY--TOPICAL TERM
Topical term or geographic name entry element الحروب الصليبية
Source of heading or term qrmak
651 1# - SUBJECT ADDED ENTRY--GEOGRAPHIC NAME
Source of heading or term qrmak
Geographic name الحملات الصليبية(سوريا)
General subdivision تاريخ
651 1# - SUBJECT ADDED ENTRY--GEOGRAPHIC NAME
Source of heading or term qrmak
Geographic name القدس
General subdivision تاريخ
700 1# - ADDED ENTRY--PERSONAL NAME
Personal name ابن الازرق الفارقى، احمد بن يوسف،
Dates associated with a name 1121.
700 1# - ADDED ENTRY--PERSONAL NAME
Personal name الذهبى، محمد بن احمد
Dates associated with a name 1274-1348.
700 1# - ADDED ENTRY--PERSONAL NAME
Personal name سبط ابن الجوزى، يوسف بن قزاوغلى،
Dates associated with a name 1189 1257-7أو
905 ## - Cataloger and Reviser Names
Cataloger Name Huda
942 ## - ADDED ENTRY ELEMENTS (KOHA)
Source of classification or shelving scheme Dewey Decimal Classification
Koha item type Books
Edition 21
Suppress in OPAC No
Holdings
Withdrawn status Lost status Source of classification or shelving scheme Damaged status Not for loan Home library Current library Date acquired Inventory number Total checkouts Full call number Barcode Date last seen Price effective from Koha item type
    Dewey Decimal Classification   Not for loan المكتبة المركزبة الجديدة - جامعة القاهرة قاعة المكتبات المهداة - الدور الرابع 01.01.2026 174500   956.91 Q11t J.U. 01000100174500000 01.01.2026 01.01.2026 Books
Cairo University Libraries Portal Implemented & Customized by: Eng. M. Mohamady Contacts: new-lib@cl.cu.edu.eg | cnul@cl.cu.edu.eg
CUCL logo CNUL logo
© All rights reserved — Cairo University Libraries
CUCL logo
Implemented & Customized by: Eng. M. Mohamady Contact: new-lib@cl.cu.edu.eg © All rights reserved — New Central Library
CNUL logo
Implemented & Customized by: Eng. M. Mohamady Contact: cnul@cl.cu.edu.eg © All rights reserved — Cairo National University Library